000 01167nam a2200349Ia 4500
001 Z_1642
003 CHAP
008 220113sc199 xx 000 0 und d
010 _a164729
020 _a0-201-62584-9
040 _cCHAP
082 _a339.23 P37y
100 _aParkin, Michael 1939-
_9138813
245 _aMicroeconomía: edición especial en español, actualizada /
_cMichael Parkin; traducción Francisco Reyes Guerrero; colaborador Magdalena Barba Fernández
260 _aEstados Unidos de América :
_bAddison-Wesley Iberoamericana,
_cc199
300 _axxxiii, 118 p.
500 _aTraducido de la obra en inglés: Economics 2a ed. de 1993.
503 _aej.1:182657, ej.2: 182656
504 _aIncluye índice de materias y glosario
650 _aEconomía
_935226
650 _aGráficas
_xTeoría de las
_950766
650 _aMercadeo
_974880
650 _aMicroeconomía
_975508
650 _aOferta y demanda
_982790
700 _aI. Reyes Guerrero, Francisco, tr. II. Barba Fernández,Magdalena, colab.
_9138814
901 _a339.23 P37Y
902 _aM
910 _ac199
942 _c1
942 _cc1
999 _c164729
_d164729